[Event "FRA-chT2 South 0708"]
[Site "France"]
[Date "2007.10.21"]
[Round "1.8"]
[White "Lebel Arias, Julia"]
[Black "Khelif, Jihane"]
[Result "1-0"]
[WhiteElo "1948"]
[BlackElo "1790"]
[PlyCount "42"]
[EventDate "2007.10.21"]
[EventType "team"]
[EventRounds "11"]
[EventCountry "FRA"]
[SourceTitle "EXT 2009"]
[Source "ChessBase"]
[SourceDate "2008.11.26"]
[SourceVersion "1"]
[SourceVersionDate "2008.11.26"]
[SourceQuality "1"]
[WhiteTeam "Monaco"]
[BlackTeam "L'Isle sur la Sorgue"]
[WhiteTeamCountry "FRA"]
[BlackTeamCountry "FRA"]

1. b3 Nf6 2. Bb2 d5 3. e3 Bf5 4. Nf3 Nc6 5. Bb5 a6 6. Bxc6+ bxc6 7. d3 c5 8. 0-0 c4 9. dxc4 dxc4 10. Qe2 cxb3 11. axb3 Qd6 12. Nc3 Nd5 13. Nxd5 Qxd5 14. Rfd1 Qb7 15. Nd4 Bd7 16. e4 e5 17. Nf5 g6 18. Bxe5 Rg8 19. Ng3 h5 20. Qc4 Be6 21. Qc3 c5 1-0

[Event "Provence-ch prom Meyreuil 9900"]
[Site "France"]
[Date "2000.??.??"]
[Round "9"]
[White "Khelif, Jihane"]
[Black "Stoven, Gilles Noel"]
[Result "0-1"]
[WhiteElo "1720"]
[BlackElo "1970"]
[PlyCount "44"]
[EventDate "1999.??.??"]
[EventType "tourn"]
[EventRounds "9"]
[EventCountry "FRA"]
[SourceTitle "EXT 2005"]
[Source "ChessBase"]
[SourceDate "2004.11.15"]
[SourceVersion "1"]
[SourceVersionDate "2004.11.15"]
[SourceQuality "1"]

1. e4 c5 2. Nf3 d6 3. d4 cxd4 4. Qxd4 Nc6 5. Bb5 Bd7 6. Bxc6 Bxc6 7. Nc3 Nf6 8. Bg5 h6 9. Bxf6 gxf6 10. Rd1 Rg8 11. 0-0 Qd7 12. g3 Qg4 13. Nh4 Qxh4 14. f4 h5 15. b4 Qh3 16. b5 Bd7 17. Nd5 Rc8 18. c4 h4 19. Rd3 hxg3 20. Rxg3 Rxg3+ 21. hxg3 Qxg3+ 22. Kh1 Bg4 0-1

[Event "Provence-ch prom Meyreuil 9900"]
[Site "France"]
[Date "2000.??.??"]
[Round "6"]
[White "Scamaroni, Jean Paul"]
[Black "Khelif, Jihane"]
[Result "0-1"]
[WhiteElo "1700"]
[BlackElo "1720"]
[PlyCount "54"]
[EventDate "1999.??.??"]
[EventType "tourn"]
[EventRounds "9"]
[EventCountry "FRA"]
[SourceTitle "EXT 2005"]
[Source "ChessBase"]
[SourceDate "2004.11.15"]
[SourceVersion "1"]
[SourceVersionDate "2004.11.15"]
[SourceQuality "1"]

1. d4 Nf6 2. c4 c5 3. d5 b5 4. cxb5 a6 5. bxa6 Bxa6 6. Nc3 g6 7. f4 Bg7 8. Nf3 0-0 9. e4 Bxf1 10. Rxf1 d6 11. e5 dxe5 12. fxe5 Nfd7 13. Qe2 Nb6 14. Qe4 N8d7 15. e6 f5 16. Qh4 Bxc3+ 17. bxc3 Ra4 18. Qh6 Nf6 19. Bg5 Ng4 20. Qh4 Re4+ 21. Kd2 Qxd5+ 22. Kc1 Ne3 23. Qh6 Qd3 24. Bxe3 Qxf1+ 25. Kb2 Nc4+ 26. Kb3 Rb8+ 27. Ka4 Nb2+ 0-1

[Event "Provence-ch prom Meyreuil 9900"]
[Site "France"]
[Date "1999.??.??"]
[Round "2"]
[White "Desurmont, Sylvain"]
[Black "Khelif, Jihane"]
[Result "1/2-1/2"]
[WhiteElo "1940"]
[BlackElo "1720"]
[PlyCount "60"]
[EventDate "1999.??.??"]
[EventType "tourn"]
[EventRounds "9"]
[EventCountry "FRA"]
[SourceTitle "EXT 2005"]
[Source "ChessBase"]
[SourceDate "2004.11.15"]
[SourceVersion "1"]
[SourceVersionDate "2004.11.15"]
[SourceQuality "1"]

1. b3 e5 2. Bb2 Nc6 3. e3 g6 4. c4 Nge7 5. f4 d6 6. Nf3 Bg7 7. Be2 Bf5 8. 0-0 0-0 9. fxe5 dxe5 10. Nc3 Qd7 11. e4 Be6 12. Nd5 Rad8 13. Qe1 f5 14. d3 Nd4 15. Bxd4 exd4 16. Qg3 fxe4 17. dxe4 d3 18. Bxd3 Bxa1 19. Rxa1 Bxd5 20. cxd5 c6 21. Re1 cxd5 22. exd5 Nf5 23. Qf2 b5 24. Qf1 Nd4 25. Re5 Nxf3+ 26. gxf3 Qf7 27. Be4 Rde8 28. Rxe8 Qxe8 29. Qd3 a6 30. Qd4 Qe7 1/2-1/2